Mentir, hacer trampas y apropiarse de lo ajeno : (Registro nro. 172589)
[ vista simple ]
| 000 -LEADER | |
|---|---|
| fixed length control field | 01554nam a22003851 4500 |
| 001 - CONTROL NUMBER | |
| control field | bslw10044262 |
| 006 - FIXED-LENGTH DATA ELEMENTS--ADDITIONAL MATERIAL CHARACTERISTICS--GENERAL INFORMATION | |
| fixed length control field | m o d |
| 007 - PHYSICAL DESCRIPTION FIXED FIELD--GENERAL INFORMATION | |
| fixed length control field | cr un ---uuuua |
| 008 - FIXED-LENGTH DATA ELEMENTS--GENERAL INFORMATION | |
| fixed length control field | 230412s2013 sp ob 000 0 spa d |
| 020 ## - INTERNATIONAL STANDARD BOOK NUMBER | |
| International Standard Book Number | 9788413810805 |
| 035 ## - | |
| -- | 38182 |
| 040 ## - CATALOGING SOURCE | |
| Original cataloging agency | UtOrBLW |
| Language of cataloging | eng |
| Description conventions | rda |
| Transcribing agency | UtOrBLW |
| 041 1# - | |
| -- | spa |
| -- | eng |
| 050 #4 - | |
| -- | HV6768 |
| -- | .G74 2013 |
| 082 04 - | |
| -- | 364.168 |
| -- | 23 |
| 100 1# - MAIN ENTRY--PERSONAL NAME | |
| Personal name | Green, Stuart P., |
| Relator term | author. |
| 240 10 - | |
| -- | Lying, cheating, and stealing. |
| -- | Spanish |
| 245 10 - TITLE STATEMENT | |
| Title | Mentir, hacer trampas y apropiarse de lo ajeno : |
| Remainder of title | una teoría moral de los delitos de cuello blanco / |
| Statement of responsibility, etc | Stuart P. Green ; traducción de José Ramón Agustina Sanlehí, Miriam Amorós Bas e Íñigo Ortiz de Urbina Gimeno. |
| 264 #1 - | |
| -- | Madrid : |
| -- | Marcial Pons, |
| -- | 2013. |
| 300 ## - PHYSICAL DESCRIPTION | |
| Extent | 1 online resource (399 pages) |
| 336 ## - | |
| -- | text |
| -- | txt |
| -- | rdacontent |
| 337 ## - | |
| -- | computer |
| -- | c |
| -- | rdamedia |
| 338 ## - | |
| -- | online resource |
| -- | cr |
| -- | rdacarrier |
| 490 1# - SERIES STATEMENT | |
| Series statement | Colección Derecho penal y criminología |
| 504 ## - BIBLIOGRAPHY, ETC. NOTE | |
| Bibliography, etc | Includes bibliographical references. |
| 500 ## - GENERAL NOTE | |
| General note | Título original: Lying, cheating, and stealing : a moral theory of white-collar crime. Oxford University Press, 2006. |
| 650 #0 - SUBJECT ADDED ENTRY--TOPICAL TERM | |
| Topical term or geographic name as entry element | White collar crimes. |
| 700 1# - ADDED ENTRY--PERSONAL NAME | |
| Personal name | Ramón Agustina Sanlehí, José, |
| Relator term | translator. |
| 700 1# - ADDED ENTRY--PERSONAL NAME | |
| Personal name | Amorós Bas, Miriam, |
| Relator term | translator. |
| 700 1# - ADDED ENTRY--PERSONAL NAME | |
| Personal name | Ortiz de Urbina Gimeno, Íñigo, |
| Relator term | translator. |
| 830 #0 - | |
| -- | Derecho penal y criminología (Marcial Pons (Firm)) |
| 856 40 - LOCALIZACIÓN Y ACCESO ELECTRÓNICO | |
| Identificador Uniforme del Recurso (URI/URL) | https://app.vlex.com/#/sources/38182 |
| 942 ## - | |
| -- | RAA |
| 999 ## - | |
| -- | 172589 |
| -- | 172589 |
No hay ítems disponibles.